000 00757nam a2200229 a 4500
001 BRL_375
005 20190320210718.0
008 050813s1962----gw-a######---#000-0#der-#
041 _ager
044 _agw
050 4 _aF1435.3.P6
_b.M39 1962
100 1 _aDeckert, Helmut
_923697
245 1 0 _aMaya Handschrift Der Sächsischen Landesbibliothek Dresden, Codex Dresdensis
_cGeschichte und Bibliographie von Helmut Deckert
260 _aBerlin
_bAkademie-Verlág
_c1962
300 _a86 p.
_bil. (facsímil en caja)
_c30 cm.
_e1 folleto + 74 laminas a color
500 _aAu353
504 _aIncluye bibliografía p. 49-86
630 0 4 _aCodex Desdrensis Maya
_923698
650 1 4 _aManuscritos mayas
_xFacsimiles
_923699
902 _aGRL
942 _2lcc
_cB
999 _c9188
_d9188